000
00474nam a2200181Ia 4500
008
090124s9999 xx 000 0 und d
082
_b
12702
100
_a
राजे शैलजा
245
_a
दसरा
250
_a
0
260
_b
अनमोल प्रकाशन
_c
1976
300
_a
115
600
_a
राजे शैलजा
630
_a
दसरा
700
_a
राजे शैलजा
730
_a
दसरा
942
_c
BOOK
999
_c
87180
_d
87180